| 000 | 01038cad a22002535a 4500 | ||
|---|---|---|---|
| 001 | E151046 | ||
| 008 | 100927s2009 xxk f 100 0 eng d | ||
| 020 | _a9781842195192 | ||
| 035 | _a(Sirsi) u151046 | ||
| 041 | 0 | _aeng | |
| 100 | 1 | _aKeabetswe, Mogodi | |
| 111 | 2 |
_aConstruction and Building Research Conference _cUniversity of Cape Town _d10-11 September 2009 |
|
| 245 | 0 | 3 |
_aAn investigation into the waste management programmes of selected construction sites in Johannesburg _h[electronic resource] |
| 260 |
_aLondon _bRICS _c2009 |
||
| 520 | _aA paper presented at the COBRA Conference in Cape Town on 10-11 September 2009. | ||
| 590 | _aKA | ||
| 650 | 2 | 4 | _aCONSTRUCTION AND BUILDING RESEARCH CONFERENCE (COBRA) |
| 651 | 4 | _aSouth Africa | |
| 690 | _aENVIRONMENTAL AND LAND CONSULTANCY-WASTE MANAGEMENT | ||
| 700 | 1 | _aRosinah, Mosomane | |
| 700 | 1 | _aMukucha, Claver | |
| 856 | 4 | 0 |
_uhttps://www.rics.org/site/scripts/download_info.aspx?fileID=4962&categoryID=524 _zView the item free of charge at www.rics.org |
| 942 | _n0 | ||
| 999 |
_c111111 _d111111 |
||